<?xml version="1.0" encoding="UTF-8"?>
<collection xmlns="http://www.loc.gov/MARC21/slim">
 <record>
  <leader>01474nam a2200229Ia 4500</leader>
  <controlfield tag="001">CTU_175065</controlfield>
  <controlfield tag="008">210402s9999    xx            000 0 und d</controlfield>
  <datafield tag="020" ind1=" " ind2=" ">
   <subfield code="c">58000</subfield>
  </datafield>
  <datafield tag="082" ind1=" " ind2=" ">
   <subfield code="a">843.8</subfield>
  </datafield>
  <datafield tag="082" ind1=" " ind2=" ">
   <subfield code="b">D886</subfield>
  </datafield>
  <datafield tag="100" ind1=" " ind2=" ">
   <subfield code="a">Dumas, Alexandre</subfield>
  </datafield>
  <datafield tag="245" ind1=" " ind2="0">
   <subfield code="a">Trà hoa nữ : tiểu thuyết =</subfield>
  </datafield>
  <datafield tag="245" ind1=" " ind2="0">
   <subfield code="b">La Dame aux camélias</subfield>
  </datafield>
  <datafield tag="245" ind1=" " ind2="0">
   <subfield code="c">Alexandre Dumas ; Hải Nguyên (Dịch)</subfield>
  </datafield>
  <datafield tag="260" ind1=" " ind2=" ">
   <subfield code="a">Hà Nội</subfield>
  </datafield>
  <datafield tag="260" ind1=" " ind2=" ">
   <subfield code="b">Lao động</subfield>
  </datafield>
  <datafield tag="260" ind1=" " ind2=" ">
   <subfield code="c">2007</subfield>
  </datafield>
  <datafield tag="520" ind1=" " ind2=" ">
   <subfield code="a">Quyển tiểu thuyết viết về câu chuyện đau thương về cuộc đời nàng kỹ nữ yêu hoa trà Macgơrit Gôchiê đã được độc giả Pháp thời bấy giờ hoan nghênh một cách khác thường, nhất là sau khi tác phẩm được chính tác giả chuyển thể thành kịch. Gần một trăm năm mươi năm nay, mặc dù không tránh khỏi những hạn chế tất yếu do đặc điểm thời đại Dumas quy định, tác phẩm giàu chất lãng mạn trữ tình đồng thời chứa đựng nhiều yếu tố hiện thực , thấm đượm tinh thần nhân đạo này đã chứng minh giá trị và sức sống lâu dài của nó.</subfield>
  </datafield>
  <datafield tag="650" ind1=" " ind2=" ">
   <subfield code="a">French fiction</subfield>
  </datafield>
  <datafield tag="650" ind1=" " ind2=" ">
   <subfield code="y">19th century</subfield>
  </datafield>
  <datafield tag="904" ind1=" " ind2=" ">
   <subfield code="i">Hằng Ni, Trân, Năm</subfield>
  </datafield>
  <datafield tag="980" ind1=" " ind2=" ">
   <subfield code="a">Trung tâm Học liệu Trường Đại học Cần Thơ</subfield>
  </datafield>
 </record>
</collection>
